=LDR 00000nam 2200000 4500 =001 NUTBA000000000001729 =005 20140513150219.0 =006 =007 =008 =020 ##$$a 978-602-8674-47-8 =035 ##$$a 0010-051400000000194 =082 ##$$a 372.342 =100 ##$$a MOCH. IMRON TA. =245 ##$$a CARA MUDAH MENYUSUN SKRIPSI =260 ##$$a jAKARTA $b SAGUNG $c 2011 =440 ##$$a CARA MUDAH MENYUSUN SKRIPSI =700 ##$$a MOCH. IMRON TA. =850 ##$$a NBVPNMAT =990 ##$$a 21197072/BPAP-NTB/2014 =990 ##$$a 21197073/BPAP-NTB/2014